Vista normal
Vista MARC
Entrada Personal Name
Número de registros utilizados en: 1
001 - CONTROL NUMBER
- control field: 14244
003 - CONTROL NUMBER IDENTIFIER
- control field: DLC
005 - DATE AND TIME OF LATEST TRANSACTION
- control field: 20230601161331.0
008 - FIXED-LENGTH DATA ELEMENTS
- fixed length control field: 200107n| azannaabn |n aaa
010 ## - LIBRARY OF CONGRESS CONTROL NUMBER
- LC control number: n 2020180082
035 ## - SYSTEM CONTROL NUMBER
- System control number: (DNLM)1846294
040 ## - CATALOGING SOURCE
- Original cataloging agency: DNLM
- Language of cataloging: spa
- Description conventions: rda
- Transcribing agency: Mx-PuUPA
- Modifying agency: Mx-PuUPA
100 1# - HEADING--PERSONAL NAME
- Personal name: Kopitowski, Karin,
373 ## - ASSOCIATED GROUP
- Associated group: Hospital Italiano (Buenos Aires, Argentina). Servicio de Medicina Familiar y Comunitaria
- Associated group: Instituto Universitario Escuela de Medicina, Hospital Italiano de Buenos Aires.
- Source of term: naf
374 ## - OCCUPATION
- Occupation: Autor
- Occupation: Médica Especialista en Medicina Familiar
- Occupation: Profesora Titular del Departamento de Medicina
375 ## - GENDER
- Gender: mujer
377 ## - ASSOCIATED LANGUAGE
- Language code: spa
378 ## - FULLER FORM OF PERSONAL NAME
- Fuller form of personal name: Karin Silvana
670 ## - SOURCE DATA FOUND
- Source citation: Medicina familiar y práctica ambulatoria, 2016:
- Information found: title page (Karin Kopitowski) p. xvi (Médica especialista en medicina familiar, Jefa del Servicio de Medicina Familiar y Comunitaria, Hospital Italiano de Buenos Aires)
670 ## - SOURCE DATA FOUND
- Source citation: Hospital Italiano de Buenos Aires web site, Jan. 6, 2020
- Information found: (Dra. Kopitowski, Karin Silvana)
- Uniform Resource Identifier: http://www.hospitalitaliano.org.ar/personas/vista.php?idpersona=1377